Principles of Management (Record no. 2241)

MARC details
000 -LEADER
fixed length control field 00406nam a22001697a 4500
005 - DATE AND TIME OF LATEST TRANSACTION
control field 20180625101135.0
008 - FIXED-LENGTH DATA ELEMENTS--GENERAL INFORMATION
fixed length control field 160531b xxu||||| |||| 00| 0 eng d
020 ## - INTERNATIONAL STANDARD BOOK NUMBER
ISBN 978-0-07-022088-1
041 ## - LANGUAGE CODE
Language code of text/sound track or separate title eng
082 ## - DEWEY DECIMAL CLASSIFICATION NUMBER
Item number 6373
Classification number 658.4
100 ## - MAIN ENTRY--AUTHOR NAME
Personal name TRIPATHI, P.C. O & REDDY P N
245 ## - TITLE STATEMENT
Title Principles of Management
260 ## - PUBLICATION, DISTRIBUTION, ETC. (IMPRINT)
Name of publisher TMH
Year of publication 2010
300 ## - PHYSICAL DESCRIPTION
Number of Pages 407
650 ## - SUBJECT ADDED ENTRY--TOPICAL TERM
Topical Term Management
942 ## - ADDED ENTRY ELEMENTS (KOHA)
Koha item type Books
Holdings
Lost status Damaged status Home library Current library Shelving location Date acquired Cost, normal purchase price Full call number Accession Number Koha item type Collection code
    JRU Library   SHELF-17-C 31/05/2016 299.00 658.4 6373 Books  
    JRU Library   SHELF-17-C 31/05/2016 299.00 658.4 6374 Books  
    JRU Library   SHELF-28-F 31/05/2016 299.00 658.4 6375 Books  
    JRU Library   SHELF-17-A 31/05/2016 299.00 658.4 6376 Books  
    JRU Library JRU Library SHELF-38-B 31/05/2016 299.00 658.4 6377 Books MANAGEMENT